000 00394nam a2200157Ia 4500
005 20250923144241.0
008 008 250917s9999 xx 000 0 eng d
037 _aTextual
040 _aDSWL
_beng
_cDSWL
041 _aeng
_2eng
084 _qDSWL
245 0 _aWar and women's employment
_cby Conference I.L.
260 _aGeneva
_c1946
942 _cTEXL
999 _c1436599
_d1436599